Szczegóły MARC21

Natürlich-sprachliche Informations-Analyse-Methode "NIAM" in Theorieund Praxis.

005 -DATA I CZAS OSTATNIEJ MODYFIKACJI [,]
    • @
    • pole kontrolne
    • 20070315155141.9
040 -Instytucja sporządzająca opis [ , ]
    • a
    • Instytucja, która sporządziła opis (NP)
    • SZCZ U
    • c
    • Instytucja, która sporządziła rekord (NP)
    • SZCZ U
041 -Język dokumentu [0, ]
    • a
    • Język tekstu (P)
    • niemiecki
    • h
    • Język tekstu oryginalnego i/lub pośredniego (P)
    • ger
942 -Rodzaj dokumentu [ , ]
    • c
    • Rodzaj dokumentu
    • Książka
100 -Hasło główne - nazwa osobowa [ , ]
    • a
    • Nazwa osobowa (NP)
    • REUSCH PETER J.A.
245 -Strefa tytułu i oznaczenia odpowiedzialności [1, ]
    • a
    • Tytuł
    • Natürlich-sprachliche Informations-Analyse-Methode "NIAM" in Theorieund Praxis. Find
260 -Strefa adresu wydawniczego [ , ]
    • a
    • Miejsce wydania (P)
    • Dortmund :
    • b
    • Nazwa wydawcy (P)
    • Inst.für betr.Inform.- u.Expertensyst.,
    • c
    • Data wydania (P)
    • [1994?].
300 -Strefa opisu fizycznego [ , ]
    • a
    • Określenie formy książki i/lub objętość (NP)
    • V,254 s. :
    • b
    • Oznaczenie ilustracji (NP)
    • rys. :
    • c
    • Format (NP)
    • 21 cm.
500 -Uwaga ogólna [ , ]
    • a
    • Uwaga ogólna (NP)
    • Bibliogr.Ind
080 -Uniwersalna Klasyfikacja Dziesiętna [ , ]
    • a
    • Symbol klasyfikacji
    • 519.683
080 -Uniwersalna Klasyfikacja Dziesiętna [ , ]
    • a
    • Symbol klasyfikacji
    • :681.3.06=30
980 -Symbol UKD [ , ]
    • a
    • UKD
    • 519.683:681.3.06=30
700 -Hasło dodatkowe - nazwa osobowa [ , ]
    • a
    • Nazwa osobowa (NP)
    • Wolf Axel M. Find
Lokalizacja Data inwentaryzacji Status udost. Numer inwentarzowy Sygnatura
BE1996-01-03-6S.78092FUNDACJA POLSKO-NIEMIECKA
BE1996-01-03-6S.78093 
BE1996-01-032S.78095FUNDACJA POLSKO-NIEMIECKA
BE1996-01-032S.78096FUNDACJA POLSKO-NIEMIECKA
BE1996-01-032S.78097FUNDACJA POLSKO-NIEMIECKA
BE1996-01-032S.78098FUNDACJA POLSKO-NIEMIECKA
BE1996-01-032S.78099FUNDACJA POLSKO-NIEMIECKA
BE1996-01-03-2E.63362FUNDACJA POLSKO-NIEMIECKA
BE1996-01-032S.78094FUNDACJA POLSKO-NIEMIECKA
BE1996-01-03-2S.78091FUNDACJA POLSKO-NIEMIECKA